00635nam a2200205Ia 450000500170000000800410001702000150005808200130007310000180008624500850010426000500018930000140023965000100025365000130026370000150027670000200029194200060031195200970031799900150041420240605042529.0240331s9999 xx 000 0 und d a955910277x bEXCa323 aPerera, M. ed 0aExcluding women :bthe struggle for women's political participation in Sri Lanka aColombobSocial Scientists' Associationc2005 ai,150 p., aWomen aPolitics aPerera, M. aChandrasekara,R cL 001040708LaWERCLbWERCLcSSCd2024-03-31l0o 323.5 EXCp5637r2024-03-31w2024-03-31yL c2520d2520